Los tres mundos de la economía (Record no. 127265)

MARC details
000 -LEADER
campo de control de longitud fija 00839nam a2200229 4500
001 - NÚMERO DE CONTROL
campo de control 127265
003 - IDENTIFICADOR DE NÚMERO DE CONTROL
campo de control ES-MaACL
005 - FECHA Y HORA DE LA ÚLTIMA TRANSACCIÓN
campo de control 20250804010209.0
007 - CAMPO FIJO DE DESCRIPCIÓN FÍSICA--INFORMACIÓN GENERAL
campo de control de longitud fija t|
008 - DATOS DE LONGITUD FIJA--INFORMACIÓN GENERAL
campo de control de longitud fija 070214s1975 sp r ||||1| spa d
100 1# - ENTRADA PRINCIPAL--NOMBRE DE PERSONA
Nombre de persona Reynolds, Lloyd G.
9 (RLIN) 96632
245 14 - MENCIÓN DEL TÍTULO
Título Los tres mundos de la economía
Resto del título : capitalismo, socialismo y países menos desarrollados /
Mención de responsabilidad, etc. Lloyd G. Reynolds ; traducción de Miguel Paredes Marcos.
260 ## - PUBLICACIÓN, DISTRIBUCIÓN, ETC.
Lugar de publicación, distribución, etc. Madrid :
Nombre del editor, distribuidor, etc. Alianza Editorial,
Fecha de publicación, distribución, etc. 1975.
300 ## - DESCRIPCIÓN FÍSICA
Extensión 360 p. ;
Dimensiones 18 cm.
490 1# - MENCIÓN DE SERIE
Mención de serie El libro de bolsillo. Ciencia y técnica ;
Designación de volumen o secuencia 569
650 #4 - PUNTO DE ACCESO ADICIONAL DE MATERIA--TÉRMINO DE MATERIA
Término de materia o nombre geográfico como elemento de entrada Economía comparada.
9 (RLIN) 145847
700 1# - ENTRADA AGREGADA--NOMBRE PERSONAL
Nombre de persona Paredes Marcos, Miguel,
Fechas asociadas al nombre 1910-1976
9 (RLIN) 89053
830 13 - PUNTO DE ACCESO ADICIONAL DE SERIE-TÍTULO UNIFORME
Título uniforme El libro de bolsillo.
Nombre de parte o sección de la obra Ciencia y técnica
Designación de volumen o secuencia 569
9 (RLIN) 181079
852 ## - LOCALIZACIÓN
Ubicación ES-MaACL
Número de control de estantería E-8510
852 ## - LOCALIZACIÓN
Ubicación ES-MaACL
Número de control de estantería A-7691
Holdings
Estatus retirado Estado de pérdida Estado de daño No para préstamo Biblioteca de origen Biblioteca actual Ubicación en estantería Fecha de adquisición Fuente de adquisición Total de préstamos Signatura topográfica completa Código de barras Visto por última vez Precio de reemplazo Tipo de ítem Koha
        Biblioteca del Ateneo de Madrid Biblioteca del Ateneo de Madrid Sala Pecera Planta 1 17/01/2008     A-7691 1132556 23/02/2023 23/02/2023 Libro impreso
        Biblioteca del Ateneo de Madrid Biblioteca del Ateneo de Madrid Depósito 2 17/01/2008     E-8510 1132555 23/02/2023 23/02/2023 Libro impreso